| 000 | 00480nam a2200169Ia 4500 | ||
|---|---|---|---|
| 003 | GCL | ||
| 008 | 140319s9999 xx 000 0 eng d | ||
| 040 |
_aGCL / _cGCL |
||
| 082 | 0 | 4 |
_a658.562 _bH M |
| 100 | 1 | _aHAGAN,JACK | |
| 245 | 1 | 0 |
_aMANGEMENT OF QUALITY: STRATEGIES TO IMPROVE QUALITY AND THE LETTOM LINE / _cHAGAN,JACK |
| 260 |
_a[S.N] : _bBUSNESS ONE INWIN ، _c1994 |
||
| 300 | _a163 P | ||
| 650 | 0 | 4 | _aQUALTY CONTROL |
| 650 | 0 | 4 | _aINDUSTRIAL MANAGEMENT |
| 942 |
_2ddc _cBK |
||
| 999 |
_c24227 _d24227 |
||